History of political thought in Germany from 1789 to 1815

Uloženo v:
Podrobná bibliografie
Hlavní autor: Aris, Reinhold (Autor)
Médium: Kniha
Jazyk:angličtina
Vydáno: Nueva York Russell and Russell 1965
Témata:
Tagy: Přidat tag
Žádné tagy, Buďte první, kdo vytvoří štítek k tomuto záznamu!

MARC

LEADER 00000nam a2200000 a 4500
001 UCT6979
003 CL-VaPUC
008 970113e19650000US |||||||||||||||||eng|d
082 0 4 |a 320.9  |b ARI  |2 21 
100 0 |a Aris, Reinhold  |e author  |9 377472 
245 1 0 |a History of political thought in Germany from 1789 to 1815 
300 |a 414 p 
942 |c BK 
945 |d 19970113 00:00:00  |a lriquelm 
260 |a Nueva York  |b Russell and Russell  |c 1965 
650 7 |a TEORIA POLITICA  |2 CL-VaPUC  |9 377473 
650 0 |a Historia política  |9 256974 
650 0 |a Idealismo  |9 265685 
650 0 |a Romanticismo   |9 266698 
650 0 |a Escuelas filosóficas   |9 266232 
650 0 |a Doctrinas políticas  |9 255835 
651 0 |a Alemania  |9 255688 
651 0 |a Prusia  |9 332663 
583 |a last modification  |c 19970113 00:00:00  |k Rodrigo Vera 
999 |c 255644  |d 255642 
952 |0 0  |1 0  |4 0  |6 320_900000000000000_ARI_1965  |7 0  |8 P  |9 277993  |a BIBDER  |b BIBDER  |d 2019-11-19  |i 180250K  |o 320.9 ARI 1965  |p 180250K  |r 2023-01-25  |w 2019-11-19  |y BK  |k DER